Statistics for Minnesota Vikings Roster - 2020

Click here to take the quiz!

General Stats

  • This quiz has been taken 64 times
    (52 since last reset)
  • The average score is 26 of 87

Answer Stats

PositionPlayer% Correct
QBKirk Cousins
93%
WRJustin Jefferson
89%
WRAdam Thielen
84%
SHarrison Smith
80%
TEIrv Smith Jr.
80%
TEKyle Rudolph
80%
RBDalvin Cook
77%
LBCameron Smith
75%
DEDanielle Hunter
70%
FBC.J. Ham
68%
LBEric Kendricks
68%
RBAlexander Mattison
61%
LBAnthony Barr
61%
CGarrett Bradbury
61%
QBSean Mannion
57%
SAnthony Harris
55%
WRBisi Johnson
55%
DTJaleel Johnson
55%
CBCameron Dantzler
48%
KDan Bailey
48%
RBMike Boone
48%
PBritton Colquitt
45%
RBAmeer Abdullah
43%
WRK.J. Osborn
43%
TRiley Reiff
43%
CBJeff Gladney
41%
CBMike Hughes
41%
WRChad Beebe
39%
LBEric Wilson
39%
TBrian O'Neill
34%
GPat Elflein
34%
TETyler Conklin
34%
TEzra Cleveland
32%
CBHarrison Hand
32%
CBHolton Hill
32%
QBNate Stanley
32%
TRashod Hill
32%
CBrett Jones
30%
OLDakota Dozier
27%
DTShamar Stephen
27%
LBBen Gedeon
25%
DED.J. Wonnum
25%
GDru Samia
25%
DEIfeadi Odenigbo
25%
DTMichael Pierce
25%
DTHercules Mata'afa
23%
QBJake Browning
23%
WRTajaé Sharpe
23%
LSAustin Cutting
20%
WRDavion Davis
20%
WRQuartney Davis
20%
LBBlake Lynch
18%
DTJames Lynch
18%
WRDan Chisena
16%
TOli Udoh
16%
LBTroy Dye
16%
WRAlexander Hollins
14%
CBNate Meadors
14%
SBrian Cole II
11%
DTArmon Watts
9%
TAviante Collins
9%
SJosh Metellus
9%
CBKris Boyd
9%
TBlake Brandel
7%
TEBrandon Dillon
7%
WRDillon Mitchell
7%
FBJake Bargas
7%
OLJake Lacina
7%
DTJalyn Holmes
7%
GKyle Hinton
7%
DEAnthony Zettel
5%
DTDavid Moa
5%
CBMark Fields
5%
SMyles Dorn
5%
TENakia Griffin-Stewart
5%
CBNevelle Clarke
5%
TBrady Aiello
2%
DEEddie Yarbrough
2%
LBJordan Fehr
2%
DBKemon Hall
2%
DEKenny Willekes
2%
RBTony Brooks-James
2%
OLTyler Higby
2%
WRBralon Addison
0%
LBDeMarquis Gates
0%
CBMarcus Sayles
0%
DEStacy Keely
0%

Score Distribution

Percentile by Number Answered

Percent of People with Each Score

Your Score History

You have not taken this quiz since the last reset